000
00285nam a2200133Ia 4500
100
_a
Haykin/Simon
942
_c
BK
654
_a
signal
245
_a
Signals and system
260
_b
John Wiley & Sons
_a
New Delhi
_c
2001
082
_a
621.38
_b
HAY
300
_a
694
546
_a
ENGLISH
999
_c
29317
_d
29317